Central Library OPAC University of Rajshahi

James Joyce remembered / (Record no. 63073)

MARC details
000 -LEADER
fixed length control field 00698nam a2200229 a 4500
001 - CONTROL NUMBER
control field 63073
003 - CONTROL NUMBER IDENTIFIER
rucl marc code BD-RjUL
005 - DATE AND TIME OF LATEST TRANSACTION
control field 20211209081145.0
008 - FIXED-LENGTH DATA ELEMENTS--GENERAL INFORMATION
fixed length control field 170128s1968 nyuc b 001 0 eng
035 ## - SYSTEM CONTROL NUMBER
System control number (BD-RjUL)63201
040 ## - CATALOGING SOURCE
Original cataloging agency DLC
Transcribing agency DLC
Modifying agency BD-RjUL
Language of cataloging eng
041 ## - LANGUAGE CODE
Language code of text/sound track or separate title eng
082 00 - DEWEY DECIMAL CLASSIFICATION NUMBER
Classification number 823
Edition number 23
Author mark and year CUJ 1968
100 1# - MAIN ENTRY--PERSONAL NAME
Personal name Curran, C. P.
9 (RLIN) 187657
245 10 - TITLE STATEMENT
Title James Joyce remembered /
Statement of responsibility, etc. C. P. Curran.
260 ## - PUBLICATION, DISTRIBUTION, ETC. (IMPRINT)
Place of publication, distribution, etc. New York :
Name of publisher, distributor, etc. Oxford University Press,
Date of publication, distribution, etc. c1968.
300 ## - PHYSICAL DESCRIPTION
Pagination 129 p. :
Illustrations ill. ;
Size 22 cm.
504 ## - BIBLIOGRAPHY, ETC. NOTE
Bibliography, etc Includes index and bibliographical footnotes.
600 10 - SUBJECT ADDED ENTRY--PERSONAL NAME
Personal name Joyce, James,
Dates associated with a name 1882-1941.
650 #0 - SUBJECT ADDED ENTRY--TOPICAL TERM
Topical term or geographic name as entry element Novelists, Irish
Chronological subdivision 20th century
General subdivision Biography.
9 (RLIN) 187524
942 ## - ADDED ENTRY ELEMENTS (KOHA)
Source of classification or shelving scheme Dewey Decimal Classification
Koha item type Books
Holdings
Lost status Source of classification or shelving scheme Damaged status Not for loan Collection code Permanent Location Current Location Shelving location Date acquired Source of acquisition Cost, normal purchase price Total Checkouts Full call number Date last seen Copy number Koha item type
  Dewey Decimal Classification   Not For Loan Non-fiction Central Library, University of Rajshahi Central Library, University of Rajshahi Reading Room 13/03/1970 Zeitlinger 30.00   823 CUJ 1968 28/01/2017 C-1 Books